Statistics for Third Most Common Language by US State

Click here to take the quiz!

General Stats

  • This quiz has been taken 38,031 times
    (37,994 since last reset)
  • The average score is 9 of 16

Answer Stats

Language % Correct
French
98%
German
95%
Chinese
94%
Italian
86%
Portuguese
86%
Russian
85%
Arabic
72%
Polish
63%
Korean
62%
Vietnamese
51%
Tagalog
45%
French Creole
30%
Navajo
26%
Dakota
16%
Hmong
15%
Yupik
4%

Score Distribution

Percentile by Number Answered

Percent of People with Each Score

Your Score History

You have not taken this quiz since the last reset